[Event "CRO-chT U20 22nd"]
[Site "Durdevac"]
[Date "2013.03.29"]
[Round "8"]
[White "Sokac, Marko"]
[Black "Dubrovic, Gabriel"]
[Result "1/2-1/2"]
[WhiteElo "2068"]
[BlackElo "1816"]
[PlyCount "97"]
[EventDate "2013.03.25"]
[EventType "team-tourn"]
[EventRounds "9"]
[EventCountry "CRO"]
[SourceTitle "CBM 153 Extra"]
[Source "ChessBase"]
[SourceDate "2013.04.22"]
[SourceVersion "1"]
[SourceVersionDate "2013.04.22"]
[SourceQuality "1"]

1. e4 c5 2. Nc3 d6 3. f4 Nc6 4. Nf3 e6 5. Bc4 Be7 6. 0-0 Nf6 7. d3 0-0 8. Qe1 d5 9. Bb3 dxe4 10. Nxe4 Nxe4 11. dxe4 Nd4 12. c3 Nxb3 13. axb3 b6 14. Ne5 Qc7 15. Rf3 f5 16. exf5 exf5 17. Bd2 Bf6 18. c4 Bb7 19. Rh3 Bxe5 20. fxe5 Qe7 21. Qg3 Rf7 22. Rf1 Re8 23. Bc3 Bc8 24. Qf4 Be6 25. Rg3 g6 26. h4 Rg7 27. Qh6 Rf8 28. Bd2 Qd7 29. Kh1 f4 30. Rxf4 Rxf4 31. Qxf4 Rf7 32. Qe3 Rf1+ 33. Kh2 Bf5 34. Qe2 Rb1 35. Be3 Qd1 36. Qxd1 Rxd1 37. Bh6 Re1 38. Rf3 Re4 39. g3 Kf7 40. Rf2 Ke6 41. Bg7 Rd4 42. Rg2 h5 43. Bh6 Rd3 44. Bd2 Rd7 45. Bc3 Rd3 46. Rg1 a5 47. Kg2 Bg4 48. Ra1 Rd1 49. Ra3 1/2-1/2

[Event "CRO-chT U20 22nd"]
[Site "Durdevac"]
[Date "2013.03.25"]
[Round "2"]
[White "Dubrovic, Gabriel"]
[Black "Colak, Dominik"]
[Result "1/2-1/2"]
[WhiteElo "1816"]
[BlackElo "1653"]
[PlyCount "40"]
[EventDate "2013.03.25"]
[EventType "team-tourn"]
[EventRounds "9"]
[EventCountry "CRO"]
[SourceTitle "CBM 153 Extra"]
[Source "ChessBase"]
[SourceDate "2013.04.22"]
[SourceVersion "1"]
[SourceVersionDate "2013.04.22"]
[SourceQuality "1"]

1. e3 d5 2. c4 c6 3. h3 Nf6 4. Nc3 e6 5. Nf3 Nbd7 6. cxd5 exd5 7. d4 Bd6 8. Bd3 0-0 9. 0-0 Re8 10. Qc2 Nf8 11. a3 Ng6 12. b4 a6 13. Rb1 b5 14. Re1 Bd7 15. e4 dxe4 16. Nxe4 Nxe4 17. Bxe4 Rc8 18. Bb2 Be6 19. Ne5 Bd5 20. Bf5 Rc7 1/2-1/2

[Event "CRO-chT U16"]
[Site "Topusko"]
[Date "2011.12.27"]
[Round "2"]
[White "Dubrovic, Gabriel"]
[Black "Cenkovcan, Andrija"]
[Result "1-0"]
[WhiteElo "1786"]
[BlackElo "1849"]
[PlyCount "55"]
[EventDate "2011.12.27"]
[EventType "team-tourn"]
[EventRounds "7"]
[EventCountry "CRO"]
[SourceTitle "CBM 146 Extra"]
[Source "ChessBase"]
[SourceDate "2012.02.29"]
[SourceVersion "1"]
[SourceVersionDate "2012.02.29"]
[SourceQuality "1"]

1. e3 e5 2. d4 exd4 3. exd4 d5 4. h3 Bd6 5. Nc3 c6 6. Nf3 Bf5 7. Bd3 Qe7+ 8. Be3 Be4 9. Qe2 Bb4 10. 0-0 Nd7 11. Bd2 Bxc3 12. Bxc3 Bxd3 13. Qxd3 0-0-0 14. Rfe1 Qf6 15. Bb4 Nf8 16. Qa3 Ne6 17. Qxa7 Nc7 18. Ne5 Na6 19. Qa8+ Nb8 20. Ng4 Qxd4 21. Bd6 Rxd6 22. Re8+ Rd8 23. Rxd8+ Kxd8 24. Qxb8+ Kd7 25. Qxb7+ Kd6 26. Qb8+ Kc5 27. Qa7+ Kc4 28. Ne3+ 1-0

[Event "Mediterranean op 5th"]
[Site "Rijeka"]
[Date "2011.11.13"]
[Round "3"]
[White "Kozarcanin, Sead"]
[Black "Dubrovic, Gabriel"]
[Result "1-0"]
[WhiteElo "2173"]
[BlackElo "1786"]
[PlyCount "91"]
[EventDate "2011.11.11"]
[EventType "swiss"]
[EventRounds "9"]
[EventCountry "CRO"]
[SourceTitle "EXT 2012"]
[Source "ChessBase"]
[SourceDate "2011.11.24"]
[SourceVersion "1"]
[SourceVersionDate "2011.11.24"]
[SourceQuality "1"]

1. Nf3 Nf6 2. d3 c5 3. e4 Nc6 4. g3 d6 5. Bg2 Bg4 6. h3 Bh5 7. g4 Bg6 8. Nh4 e6 9. Bg5 Be7 10. c3 Nd7 11. Nxg6 hxg6 12. Be3 Bh4 13. Na3 a6 14. Nc4 Qe7 15. a4 Nce5 16. 0-0 Nxc4 17. dxc4 Ne5 18. Qe2 Nc6 19. Rfd1 e5 20. Qd2 Rd8 21. b4 b6 22. a5 bxa5 23. b5 axb5 24. cxb5 Nb8 25. Rxa5 Qc7 26. Rda1 Be7 27. Qd5 Qb6 28. Bf1 0-0 29. Bc4 Rd7 30. Ra8 Rb7 31. g5 Qc7 32. Kg2 Bd8 33. f4 Be7 34. f5 Kh7 35. Rf1 Bd8 36. h4 Qe7 37. fxg6+ Kxg6 38. h5+ Kxh5 39. Qd1+ Kg6 40. Rh1 Rh8 41. Rxh8 Qxg5+ 42. Bxg5 Bxg5 43. Qh5+ Kf6 44. Rhxb8 Re7 45. b6 g6 46. Qh8# 1-0

[Event "Mediterranean op 5th"]
[Site "Rijeka"]
[Date "2011.11.11"]
[Round "1"]
[White "Haznedaroglu, Kivanc"]
[Black "Dubrovic, Gabriel"]
[Result "1-0"]
[WhiteElo "2426"]
[BlackElo "1786"]
[PlyCount "89"]
[EventDate "2011.11.11"]
[EventType "swiss"]
[EventRounds "9"]
[EventCountry "CRO"]
[SourceTitle "EXT 2012"]
[Source "ChessBase"]
[SourceDate "2011.11.24"]
[SourceVersion "1"]
[SourceVersionDate "2011.11.24"]
[SourceQuality "1"]

1. d4 d5 2. Nf3 c6 3. c4 Nf6 4. Nc3 e6 5. g3 Bd6 6. Bg2 Nbd7 7. 0-0 0-0 8. Qc2 Re8 9. e4 dxe4 10. Ng5 h6 11. Ngxe4 Nxe4 12. Nxe4 Nf6 13. Nxd6 Qxd6 14. Qc3 e5 15. dxe5 Qxe5 16. Qxe5 Rxe5 17. Be3 Re8 18. h3 Bf5 19. Rfd1 Be4 20. Bf1 b6 21. b4 Rad8 22. Be2 Bc2 23. Rxd8 Rxd8 24. a4 Be4 25. a5 Rb8 26. g4 Rb7 27. f3 Bc2 28. axb6 axb6 29. Ra2 Bb3 30. Ra8+ Kh7 31. Bd3+ g6 32. Bd4 Ng8 33. Kf2 b5 34. cxb5 cxb5 35. Rd8 Bc4 36. Be4 Re7 37. h4 Re6 38. g5 h5 39. Ke3 Ra6 40. Be5 Ra4 41. f4 Be6 42. Bd5 Ra6 43. Bxe6 Rxe6 44. Rf8 Re7 45. Kd4 1-0

[Event "CRO-ch U17"]
[Site "Topusko"]
[Date "2011.07.27"]
[Round "5"]
[White "Dubrovic, Gabriel"]
[Black "Monjac, Mislav"]
[Result "0-1"]
[WhiteElo "1778"]
[BlackElo "2043"]
[PlyCount "64"]
[EventDate "2011.07.24"]
[EventType "swiss"]
[EventRounds "9"]
[EventCountry "CRO"]
[SourceTitle "EXT 2012"]
[Source "ChessBase"]
[SourceDate "2011.11.24"]
[SourceVersion "1"]
[SourceVersionDate "2011.11.24"]
[SourceQuality "1"]

1. e3 Nf6 2. b3 d5 3. Bb2 Bf5 4. c4 e6 5. Nf3 Nbd7 6. Be2 Bd6 7. d4 Bxb1 8. Rxb1 Bb4+ 9. Kf1 c6 10. a3 Bd6 11. b4 0-0 12. Ne5 Rc8 13. c5 Bc7 14. h4 Nxe5 15. dxe5 Nd7 16. f4 f6 17. exf6 Nxf6 18. Kg1 Qe7 19. g3 e5 20. Kg2 exf4 21. exf4 Ne4 22. Bf3 Rce8 23. Qd4 Nxg3 24. Kxg3 Rxf4 25. Qxf4 Bxf4+ 26. Kxf4 Qf7+ 27. Kg3 Re3 28. Rhf1 Rxf3+ 29. Rxf3 Qg6+ 30. Kf2 Qc2+ 31. Kg3 Qxb1 32. Be5 Qe1+ 0-1

[Event "CRO-ch U17"]
[Site "Topusko"]
[Date "2011.07.26"]
[Round "4"]
[White "Plenca, Jadranko"]
[Black "Dubrovic, Gabriel"]
[Result "1/2-1/2"]
[WhiteElo "1868"]
[BlackElo "1778"]
[PlyCount "86"]
[EventDate "2011.07.24"]
[EventType "swiss"]
[EventRounds "9"]
[EventCountry "CRO"]
[SourceTitle "EXT 2012"]
[Source "ChessBase"]
[SourceDate "2011.11.24"]
[SourceVersion "1"]
[SourceVersionDate "2011.11.24"]
[SourceQuality "1"]

1. e4 c5 2. Nf3 b6 3. d4 cxd4 4. Qxd4 Nc6 5. Qd1 Bb7 6. Nc3 e6 7. Bg5 Be7 8. Bxe7 Ngxe7 9. Bc4 Na5 10. Bd3 a6 11. 0-0 0-0 12. Qe1 Qc7 13. Rd1 Rfd8 14. b3 Nac6 15. a3 b5 16. b4 Rac8 17. Ne2 d5 18. Ng3 Ne5 19. Nxe5 Qxe5 20. f3 Qc3 21. Ra1 Ng6 22. Qxc3 Rxc3 23. a4 Ne5 24. axb5 axb5 25. Bxb5 Rxc2 26. Ra7 Bc6 27. Bxc6 Nxc6 28. Rb7 Rb2 29. Rd1 Rxb4 30. Rc7 Rd4 31. Rc1 Ne5 32. exd5 R4xd5 33. Ne4 h6 34. h3 Kf8 35. R1c2 R5d7 36. R7c5 Nd3 37. Rb5 Nf4 38. Rb4 Rd1+ 39. Kh2 Ng6 40. Rb7 Ke8 41. Ra2 Nh4 42. Raa7 R1d7 43. Nd6+ Rxd6 1/2-1/2

[Event "CRO-chT U16 West"]
[Site "Rijeka"]
[Date "2010.10.09"]
[Round "3.61"]
[White "Racki, Barbara"]
[Black "Dubrovic, Gabriel"]
[Result "1/2-1/2"]
[WhiteElo "1813"]
[BlackElo "1730"]
[PlyCount "88"]
[EventDate "2010.10.09"]
[EventType "team-tourn"]
[EventRounds "11"]
[EventCountry "CRO"]
[SourceTitle "EXT 2012"]
[Source "ChessBase"]
[SourceDate "2011.11.24"]
[SourceVersion "1"]
[SourceVersionDate "2011.11.24"]
[SourceQuality "1"]

1. e4 c5 2. Nf3 a6 3. c3 d5 4. exd5 Qxd5 5. d4 Bg4 6. Be2 e6 7. 0-0 Nf6 8. Be3 Nbd7 9. Nbd2 cxd4 10. Nxd4 Bxe2 11. Qxe2 Be7 12. N2f3 0-0 13. Rfd1 Qh5 14. Qc2 Nd5 15. Bd2 Rfd8 16. Ne2 Ne5 17. Nxe5 Qxe5 18. Ng3 Rac8 19. Re1 Qc7 20. Qe4 Nf6 21. Qe2 Rd7 22. Be3 Bc5 23. Bg5 Be7 24. Be3 Bc5 25. Rad1 Rcd8 26. Bxc5 Qxc5 27. Rxd7 Rxd7 28. Rd1 Qc6 29. Rd2 h6 30. Qd1 Rxd2 31. Qxd2 Qd5 32. Qxd5 Nxd5 33. Ne4 b5 34. Kf1 Kf8 35. Nc5 Nc7 36. Ke2 Ke7 37. Kd3 Kd6 38. b4 e5 39. Ke4 g6 40. g4 f6 41. Nb7+ Ke6 42. Nc5+ Kd6 43. Nb7+ Ke6 44. Nc5+ Kd6 1/2-1/2

[Event "CRO-ch U15 19th"]
[Site "Sibenik"]
[Date "2010.07.03"]
[Round "9"]
[White "Drozina, Adrian"]
[Black "Dubrovic, Gabriel"]
[Result "0-1"]
[WhiteElo "1877"]
[BlackElo "1730"]
[PlyCount "70"]
[EventDate "2010.06.28"]
[EventType "swiss"]
[EventRounds "9"]
[EventCountry "CRO"]
[SourceTitle "CBM 137 Extra"]
[Source "ChessBase"]
[SourceDate "2010.09.01"]
[SourceVersion "1"]
[SourceVersionDate "2010.09.01"]
[SourceQuality "1"]

1. d4 d5 2. Nf3 e6 3. Bf4 c5 4. c3 Nf6 5. e3 Nc6 6. Nbd2 Be7 7. Bd3 a6 8. Ne5 cxd4 9. cxd4 Bb4 10. a3 Bxd2+ 11. Qxd2 Nxe5 12. dxe5 Nh5 13. e4 Nxf4 14. Qxf4 dxe4 15. Qxe4 Qa5+ 16. b4 Qc7 17. 0-0 Bd7 18. Rac1 Bc6 19. Qe3 Qe7 20. Rfd1 Rd8 21. Qb6 Qg5 22. Bf1 Rxd1 23. Rxd1 0-0 24. Qd4 h6 25. Qa1 Rd8 26. Rxd8+ Qxd8 27. a4 Qd5 28. a5 Qe4 29. Qc3 Qb1 30. g4 Bb5 31. Qh3 Bxf1 32. Qxf1 Qxb4 33. Qg2 Qe1+ 34. Qf1 Qxe5 35. Qc1 Qe4 0-1

[Event "EU-ch 11th"]
[Site "Rijeka"]
[Date "2010.03.10"]
[Round "5"]
[White "Dubrovic, Gabriel"]
[Black "Ofstad, Per"]
[Result "1/2-1/2"]
[WhiteElo "1606"]
[BlackElo "2197"]
[PlyCount "46"]
[EventDate "2010.03.06"]
[EventType "swiss"]
[EventRounds "11"]
[EventCountry "CRO"]
[SourceTitle "CBM 136"]
[Source "ChessBase"]
[SourceDate "2010.05.18"]
[SourceVersion "1"]
[SourceVersionDate "2010.05.18"]
[SourceQuality "1"]

1. e3 d5 2. d4 Nf6 3. c4 c6 4. Nc3 g6 5. Nf3 Bg7 6. a3 0-0 7. Bd3 Nbd7 8. b4 Qc7 9. cxd5 Nxd5 10. Nxd5 cxd5 11. Bb2 Nb6 12. 0-0 Bf5 13. Bxf5 gxf5 14. Qd3 e6 15. a4 Rfc8 16. b5 Qc2 17. Qxc2 Rxc2 18. Rfb1 Rac8 19. Ne1 R2c4 20. a5 Na4 21. Nd3 Bf8 22. Kf1 Bd6 23. Ba3 Bxa3 1/2-1/2

[Event "EU-ch 11th"]
[Site "Rijeka"]
[Date "2010.03.08"]
[Round "3"]
[White "Dubrovic, Gabriel"]
[Black "Burstein, Almog"]
[Result "0-1"]
[WhiteElo "1606"]
[BlackElo "2100"]
[PlyCount "209"]
[EventDate "2010.03.06"]
[EventType "swiss"]
[EventRounds "11"]
[EventCountry "CRO"]
[SourceTitle "CBM 136"]
[Source "ChessBase"]
[SourceDate "2010.05.18"]
[SourceVersion "1"]
[SourceVersionDate "2010.05.18"]
[SourceQuality "1"]

1. e3 Nf6 2. c4 e6 3. Nc3 d5 4. Nf3 Be7 5. Be2 0-0 6. 0-0 Nbd7 7. d4 dxc4 8. Bxc4 Nb6 9. Be2 Nbd5 10. a3 b6 11. Qc2 Bb7 12. b4 a5 13. b5 Nxc3 14. Qxc3 Ne4 15. Qc2 Bd6 16. Bd3 f5 17. Bb2 Qe8 18. Ne5 Qh5 19. f3 Ng5 20. f4 Ne4 21. Qe2 Qh4 22. Nf3 Qh6 23. Bxe4 Bxe4 24. Nd2 Bd5 25. Nf3 Qh5 26. Rf2 Rf6 27. Ne5 Qh4 28. Nf3 Qh6 29. Rc1 Rg6 30. Ne5 Rf6 31. Nf3 Rc8 32. Rc3 Rg6 33. Ne5 Bxe5 34. dxe5 Qh4 35. g3 Rxg3+ 36. Kf1 Qh3+ 37. Ke1 Rg1+ 38. Kd2 Be4 39. Rc1 Rd8+ 40. Bd4 Rxc1 41. Kxc1 Qh4 42. Kb2 Rd5 43. Rf1 Qe7 44. Qc4 Kf7 45. Rg1 Rd8 46. Rc1 Rd7 47. Rd1 Qd8 48. Rg1 Rd5 49. Rc1 Rd7 50. Rg1 Qh4 51. Qe2 g6 52. Rc1 Ke8 53. Rd1 Qe7 54. Rg1 Rd5 55. Rc1 Qd7 56. a4 Qe7 57. Qd2 Rd7 58. Qe1 Kd8 59. Qc3 Qh4 60. Qd2 Kc8 61. Qe2 Kb7 62. Rc4 Qe7 63. Qe1 Bd5 64. Rc1 c5 65. bxc6+ Bxc6 66. Qc3 Rc7 67. Qb3 Qb4 68. Qxb4 axb4 69. Rc4 Bxa4 70. Rxb4 b5 71. Bc3 Rc4 72. Rxc4 bxc4 73. Bb4 Kc6 74. Kc3 Kd5 75. h4 Bb3 76. Kd2 Ke4 77. Bc5 Kf3 78. Kc3 Kg4 79. Be7 Kf3 80. Bc5 Ke4 81. Kd2 Ba4 82. Kc3 Bb5 83. Bb6 h6 84. Bd4 Ba6 85. Kd2 Kf3 86. Bc5 Kg4 87. Be7 Bb7 88. Bd8 Kf3 89. Bb6 Ke4 90. Bd4 Bc6 91. Kc3 Bb5 92. Kd2 Kf3 93. Bb6 Be8 94. Kc3 Ke4 95. Bd4 Kd5 96. Kb4 g5 97. hxg5 hxg5 98. fxg5 f4 99. Kc3 f3 100. Kd2 Ke4 101. Ke1 Kf5 102. Kf2 Bc6 103. Kg3 Kxg5 104. Kf2 Kf5 105. e4+ 0-1

[Event "EU-ch 11th"]
[Site "Rijeka"]
[Date "2010.03.06"]
[Round "1"]
[White "Dubrovic, Gabriel"]
[Black "Swiercz, Dariusz"]
[Result "0-1"]
[WhiteElo "1606"]
[BlackElo "2488"]
[PlyCount "100"]
[EventDate "2010.03.06"]
[EventType "swiss"]
[EventRounds "11"]
[EventCountry "CRO"]
[SourceTitle "CBM 136"]
[Source "ChessBase"]
[SourceDate "2010.05.18"]
[SourceVersion "1"]
[SourceVersionDate "2010.05.18"]
[SourceQuality "1"]

1. c4 f5 2. Nc3 Nf6 3. g3 g6 4. Bg2 Bg7 5. d3 0-0 6. e4 d6 7. Nge2 e5 8. 0-0 c6 9. Bg5 Na6 10. Qd2 Qe8 11. Bxf6 Bxf6 12. d4 Bd7 13. Rad1 Rd8 14. f4 Be6 15. d5 Bc8 16. a3 c5 17. Rde1 Qe7 18. Nb5 b6 19. fxe5 Bxe5 20. Nf4 fxe4 21. Bxe4 Nb8 22. b3 a6 23. Nc3 Nd7 24. Ne6 Rxf1+ 25. Rxf1 Re8 26. Bg2 Nf8 27. Nxf8 Rxf8 28. Rxf8+ Qxf8 29. Ne2 Bg4 30. Qd3 Qf6 31. Qe4 Bf5 32. Qe3 a5 33. Be4 Bh3 34. Bg2 Bg4 35. Qd3 Kg7 36. Qe4 Bf5 37. Qe3 Bc2 38. h3 Bd4 39. Nxd4 cxd4 40. Qf2 Bxb3 41. Bf1 Qxf2+ 42. Kxf2 Bc2 43. Ke2 Kf6 44. Kd2 Be4 45. h4 Ke5 46. Be2 d3 47. Bxd3 Kd4 48. Bxe4 Kxe4 49. Kc3 h5 50. Kb3 Kd4 0-1

[Event "CRO-chT U16"]
[Site "Vinkovci"]
[Date "2009.12.29"]
[Round "6.2"]
[White "Dubrovic, Gabriel"]
[Black "Srbis, Jurica"]
[Result "0-1"]
[WhiteElo "1627"]
[BlackElo "2159"]
[PlyCount "62"]
[EventDate "2009.12.27"]
[EventType "team-tourn"]
[EventRounds "7"]
[EventCountry "CRO"]
[SourceTitle "EXT 2011"]
[Source "ChessBase"]
[SourceDate "2010.11.26"]
[SourceVersion "1"]
[SourceVersionDate "2010.11.26"]
[SourceQuality "1"]

1. e3 c5 2. c4 g6 3. Nf3 Bg7 4. d4 Nf6 5. Nc3 cxd4 6. exd4 d5 7. Be3 0-0 8. Be2 Nc6 9. h3 h6 10. 0-0 Be6 11. b3 Rc8 12. c5 Ne4 13. Na4 f5 14. Bf4 g5 15. Be5 Nxe5 16. Nxe5 Bxe5 17. dxe5 Nxc5 18. Nxc5 Rxc5 19. b4 Rc8 20. Qd4 Qb6 21. Qxb6 axb6 22. f4 Rc3 23. fxg5 hxg5 24. Rf3 Rfc8 25. Kf2 Kg7 26. a4 Rxf3+ 27. Kxf3 d4 28. Rd1 Rd8 29. Rd2 Bb3 30. Bb5 Kf7 31. g3 Ke6 0-1

[Event "Mediterranean op 3rd"]
[Site "Rijeka"]
[Date "2009.12.03"]
[Round "7"]
[White "Berke, Ana"]
[Black "Dubrovic, Gabriel"]
[Result "0-1"]
[WhiteElo "2123"]
[BlackElo "1627"]
[PlyCount "118"]
[EventDate "2009.11.27"]
[EventType "swiss"]
[EventRounds "9"]
[EventCountry "CRO"]
[SourceTitle "CBM 133 Extra"]
[Source "ChessBase"]
[SourceDate "2010.01.05"]
[SourceVersion "1"]
[SourceVersionDate "2010.01.05"]
[SourceQuality "1"]

1. e4 c5 2. Nf3 Nc6 3. Bb5 Nd4 4. Nxd4 cxd4 5. 0-0 a6 6. Bc4 e5 7. c3 Bc5 8. cxd4 Bxd4 9. Nc3 Nf6 10. d3 b5 11. Bb3 Bb7 12. Bg5 h6 13. Bh4 g5 14. Bg3 d6 15. Qe2 h5 16. h4 Ng4 17. Qf3 Rf8 18. Rac1 gxh4 19. Bh2 Qf6 20. Nd5 Bxd5 21. Bxd5 Qxf3 22. gxf3 Nxh2 23. Kxh2 Ra7 24. Rc2 Bc5 25. Rg1 Ke7 26. Rg5 Rh8 27. Rf5 f6 28. f4 Rc7 29. fxe5 dxe5 30. f3 Bb6 31. Rg2 Rh6 32. Kh3 Be3 33. Kxh4 Rc1 34. Kh3 Rh1+ 35. Rh2 Rg1 36. Rc2 Rh1+ 37. Kg2 Rg1+ 38. Kh2 Rhg6 39. d4 Bf4+ 40. Rxf4 exf4 41. e5 fxe5 42. dxe5 Rd1 43. Be4 Rg5 44. Rc7+ Kd8 45. Rf7 Rd2+ 46. Kh1 Rxe5 47. Rxf4 Rc5 48. Rf8+ Ke7 49. Rg8 Rc1+ 50. Rg1 Rxg1+ 51. Kxg1 Rxb2 52. Bd5 Kd6 53. Bb3 h4 54. f4 a5 55. f5 Ke7 56. Bd5 Kf6 57. Be6 h3 58. Kh1 Rf2 59. Kg1 Rxf5 0-1

[Event "CRO-chT U20 18th"]
[Site "Sv Filip i Jakov"]
[Date "2009.04.19"]
[Round "11"]
[White "Dubrovic, Gabriel"]
[Black "Racki, Barbara"]
[Result "1-0"]
[WhiteElo "1540"]
[BlackElo "1661"]
[PlyCount "107"]
[EventDate "2009.04.14"]
[EventType "team-tourn"]
[EventRounds "11"]
[EventCountry "CRO"]
[SourceTitle "CBM 129 Extra"]
[Source "ChessBase"]
[SourceDate "2009.05.05"]
[SourceVersion "2"]
[SourceVersionDate "2009.05.20"]
[SourceQuality "1"]

1. c4 e5 2. Nc3 c6 3. Nf3 d6 4. g3 Nf6 5. Bg2 Be7 6. 0-0 0-0 7. d3 Na6 8. a3 Nc7 9. b4 a6 10. Qb3 Bd7 11. Rd1 Kh8 12. Be3 Ne6 13. a4 Ng4 14. Bd2 f5 15. b5 Qb6 16. Be1 axb5 17. axb5 f4 18. Na4 Qc7 19. b6 Qd8 20. Nc3 Nc5 21. Qb2 Na6 22. d4 fxg3 23. hxg3 exd4 24. Nxd4 Qe8 25. Ne4 Qh5 26. Nf3 d5 27. cxd5 cxd5 28. Nc3 Bf6 29. Ra5 Bc6 30. Qb3 Bxc3 31. Qxc3 Rac8 32. Qd4 Rfe8 33. e3 Nf6 34. Qh4 Qg6 35. Ng5 h6 36. Nh3 Qc2 37. Qd4 Qf5 38. Nf4 Red8 39. Bh3 Ng4 40. f3 h5 41. fxg4 hxg4 42. Bg2 Qf7 43. Bc3 Rd6 44. Nh5 Rg6 45. Rf1 Qe7 46. Qd3 Rg5 47. Nf4 Nc5 48. Rxc5 Qxc5 49. Ne6 Qe7 50. Nxg5 Qxg5 51. Bd4 Ra8 52. Rf5 Qe7 53. Rh5+ Kg8 54. Qh7+ 1-0

[Event "CRO-chT U20 18th"]
[Site "Sv Filip i Jakov"]
[Date "2009.04.17"]
[Round "8"]
[White "Dubrovic, Gabriel"]
[Black "Ivekovic, Bozidar1111"]
[Result "1/2-1/2"]
[WhiteElo "1540"]
[BlackElo "1940"]
[PlyCount "107"]
[EventDate "2009.04.14"]
[EventType "team-tourn"]
[EventRounds "11"]
[EventCountry "CRO"]
[SourceTitle "CBM 129 Extra"]
[Source "ChessBase"]
[SourceDate "2009.05.05"]
[SourceVersion "2"]
[SourceVersionDate "2009.05.20"]
[SourceQuality "1"]

1. b3 e5 2. Bb2 Nc6 3. e3 Be7 4. Nf3 d6 5. d4 exd4 6. Nxd4 Nxd4 7. Bxd4 Nf6 8. Bd3 0-0 9. Nd2 d5 10. 0-0 Be6 11. c4 Qd7 12. Re1 c5 13. Bb2 Rad8 14. Be2 Qc8 15. Qc1 dxc4 16. Nxc4 Nd5 17. Rd1 Nb4 18. a3 Rxd1+ 19. Bxd1 Nd3 20. Qc3 Nxb2 21. Nxb2 Bf6 22. Qc2 Bf5 23. Qe2 Rd8 24. Rc1 Qd7 25. h3 h6 26. g4 Be6 27. Qc2 Qd2 28. Qxd2 Rxd2 29. Nc4 Rd3 30. a4 a6 31. e4 b5 32. axb5 axb5 33. Ne3 Bd4 34. Nd5 Rd2 35. Ne3 Rb2 36. Nc2 Bxb3 37. Nxd4 cxd4 38. Bxb3 Rxb3 39. Rd1 Rxh3 40. Rxd4 Rc3 41. Rb4 Rc5 42. Kf1 Kf8 43. Ke2 Ke7 44. Kd3 Kd6 45. f4 g6 46. Rd4+ Ke6 47. Rd8 Rc1 48. Ke3 Re1+ 49. Kf3 Rf1+ 50. Ke3 Re1+ 51. Kf3 b4 52. Rb8 Rb1 53. f5+ Kf6 54. Rb6+ 1/2-1/2